Т. 9: Диагностика низкотемпературной плазмы; Низкотемпературная плазма

Dettagli Bibliografici
Parent link:Низкотемпературная плазма/ Академия Наук СССР. Сибирское отделение; Институт теплофизики. Т. 9: Диагностика низкотемпературной плазмы.— , 1990-1994
Altri autori: Жуков М. Ф. Михаил Федорович (редактор), Овсянников А. А. Анатолий Александрович
Lingua:russo
Pubblicazione: 1994
Soggetti:
Natura: MixedMaterials Libro
KOHA link:https://koha.lib.tpu.ru/cgi-bin/koha/opac-detail.pl?biblionumber=72550

MARC

LEADER 00000nam2a2200000 4500
001 72550
005 20231031083529.0
010 |a 5020301973 
035 |a (RuTPU)RU\TPU\book\77359 
090 |a 72550 
100 |a 20050127d1994 k y0rusy50 ca 
101 0 |a rus 
102 |a RU 
105 |a a z 001zy 
200 0 |a Т. 9: Диагностика низкотемпературной плазмы  |f под ред. М. Ф. Жукова, А. А. Овсянникова 
210 |d 1994 
215 |a 483 с.  |c ил. 
320 |a Библиогр.: с. 451-480. 
461 1 |0 (RuTPU)RU\TPU\book\60595  |t Низкотемпературная плазма  |f Академия Наук СССР. Сибирское отделение; Институт теплофизики  |v Т. 9: Диагностика низкотемпературной плазмы  |d 1990-1994 
610 1 |a физика 
610 1 |a плазма низкотемпературная 
610 1 |a исследование 
610 1 |a диагностика 
610 1 |a спектральные методы 
610 1 |a лазерные методы 
675 |a 533.9.08  |v 3 
702 1 |a Жуков  |b М. Ф.  |g Михаил Федорович  |4 340 
702 1 |a Овсянников  |b А. А.  |g Анатолий Александрович  |4 340 
801 1 |a RU  |b 63413507  |c 20050127  |g PSBO 
801 2 |a RU  |b 63413507  |c 20090709  |g PSBO 
942 |c BK